Statistiques concernant Le mot Europe dans les langues de l'Union Européenne

Cliquez ici pour prendre le quiz!

Statistiques générales

  • Ce quiz a été pris 25 fois
  • Le résultat moyen est 3 sur 13

Statistiques - réponses

HintRéponse% Correct
AnglaisEurope
95%
Espagnol / Suédois / Néerlandais / Croate / Lituanien / Danois / Allemand / Roumain / Portugais / ItalienEuropa
71%
LettonEiropa
29%
IrlandaisEoraip
24%
FinnoisEurooppa
24%
HongroisEurópa
24%
EstonienEuroopa
14%
SlovaqueEurópe
14%
PolonaisEuropie
14%
SlovèneEvropi
14%
Tchéque / BulgareEvropa
10%
MaltaisEwropa
10%
GrecEurope
0%

Distribution des résultats

Percentile par nombre de réponses

% des personnes avec chaque résultat

Votre développement - résultats

Vous n’avez pas pris ce quiz